| 000 | 00770 a2200193 4500 | ||
|---|---|---|---|
| 003 | Nust | ||
| 005 | 20221104114101.0 | ||
| 008 | 180118b xxu||||| |||| 00| 0 eng d | ||
| 040 | _cNust | ||
| 082 | _a623.3192 | ||
| 100 |
_aM. L. Soni _98956 |
||
| 245 |
_aA course in Electrical Circuit Analysis / _cM. L. Soni |
||
| 250 | _a4th Reprint | ||
| 260 |
_aNew Delhi _bDhanpat Rai Publications _c2009 |
||
| 300 | _avarious paging | ||
| 505 | _aGeneral (Page-1), Elementary Network Theory (Page-3), Sinusoidal State Analysis (Page-8), Complex Frequency and Systems Stability (Page-15), Two-Port Networks (Page-20), distributed Parameter Networks (Page-23), No-Linear Networks (Page-26). | ||
| 650 |
_aA course in Electrical Circuit Analysis _98957 |
||
| 942 |
_2ddc _cBK _cBK |
||
| 999 |
_c189514 _d189514 |
||